000
00289nam a2200097Ia 4500
008
220216s9999 xx 000 0 und d
100
_a
Gopalakrishnan K S
245
0
_a
Latex protein allergy
260
_b
Presented in Latex Protein seminar held at Madras, September 1993.
_c
1993
942
_c
JS
999
_c
62064
_d
62064